Taking sides : clashing views on environmental issues / (Record no. 4852)
[ view plain ]
| 000 -LEADER | |
|---|---|
| fixed length control field | 02168nam a22002777i 4500 |
| 003 - CONTROL NUMBER IDENTIFIER | |
| control field | URS |
| 005 - DATE AND TIME OF LATEST TRANSACTION | |
| control field | 20220117120541.0 |
| 008 - FIXED-LENGTH DATA ELEMENTS--GENERAL INFORMATION | |
| fixed length control field | 180314b xxu||||| |||| 00| 0 eng d |
| 040 ## - CATALOGING SOURCE | |
| Original cataloging agency | UtOrBLW |
| Modifying agency | DASP |
| Description conventions | rda |
| Transcribing agency | URS |
| Language of cataloging | eng |
| 041 0# - LANGUAGE CODE | |
| Language code of text/sound track or separate title | eng |
| 050 14 - LIBRARY OF CONGRESS CALL NUMBER | |
| Classification number | GE 170 |
| Item number | .T34 2011 |
| 245 00 - TITLE STATEMENT | |
| Title | Taking sides : clashing views on environmental issues / |
| Statement of responsibility, etc. | selected, edited, and with introductions by Thomas Easton.-- |
| 250 ## - EDITION STATEMENT | |
| Edition statement | Fourteenth edition.-- |
| 264 #1 - PRODUCTION, PUBLICATION, DISTRIBUTION, MANUFACTURE, AND COPYRIGHT NOTICE | |
| Place of production, publication, distribution, manufacture | New York : |
| Name of producer, publisher, distributor, manufacturer | McGraw-Hill, |
| Date of production, publication, distribution, manufacture, or copyright notice | [2011] |
| 300 ## - PHYSICAL DESCRIPTION | |
| Extent | xxxii, 374 pages ; |
| Dimensions | 24cm |
| 336 ## - CONTENT TYPE | |
| Content type term | text |
| Source | rdacontent |
| 337 ## - MEDIA TYPE | |
| Media type term | unmediated |
| Source | rdamedia |
| 338 ## - CARRIER TYPE | |
| Carrier type term | volume |
| Source | rdacarrier |
| 490 0# - SERIES STATEMENT | |
| Series statement | Taking sides |
| 505 0# - FORMATTED CONTENTS NOTE | |
| Formatted contents note | Unit 1: Environmental philosophy -- Is the precautionary principle a sound approach to risk analysis? -- Is sustainable development compatible with human welfare? -- Should a price be put on the goods and services provided by the world's ecosystems? -- Unit 2: Principles versus politics -- Should North America's landscape be restored to its pre-human state? -- Should the military be exempt from environmental regulations? -- Will restricting carbon emissions damage the U.S. economy? -- Unit 3: Energy issues -- Should we drill for offshore oil? -- Is carbon capture technology ready to limit carbon emissions? -- Is it time to put geothermal energy development on the fast track? -- Should cars be more efficient? -- Are biofuels responsible for rising food prices? -- Is it time to revive nuclear power? -- Unit 4: Food and population -- Are improved aid policies the best way to improve global food supply and protect world population? -- Is genetic engineering the answer to hunger? -- Can organic farming feed the world? -- Unit 5: Toxic chemicals -- Should DDT be banned worldwide? -- Do environmental hormone mimics pose a potentially serious health threat? -- Is the superfund program successfully protecting human health from hazardous materials? -- Should the United States reprocess spent nuclear fuel? |
| 650 #0 - SUBJECT ADDED ENTRY--TOPICAL TERM | |
| Topical term or geographic name entry element | Environmental policy. |
| 650 #0 - SUBJECT ADDED ENTRY--TOPICAL TERM | |
| Topical term or geographic name entry element | Environmental engineering. |
| 650 #0 - SUBJECT ADDED ENTRY--TOPICAL TERM | |
| Topical term or geographic name entry element | Environmental sciences. |
| 700 1# - ADDED ENTRY--PERSONAL NAME | |
| Personal name | Easton, Thomas A., |
| Relator term | editor. |
| 942 ## - ADDED ENTRY ELEMENTS (KOHA) | |
| Source of classification or shelving scheme | Library of Congress Classification |
| Koha item type | Foreign Books |
| Withdrawn status | Source of classification or shelving scheme | Damaged status | Not for loan | Collection code | Home library | Current library | Shelving location | Date acquired | Source of acquisition | Total Checkouts | Full call number | Barcode | Date last seen | Price effective from | Koha item type |
|---|---|---|---|---|---|---|---|---|---|---|---|---|---|---|---|
| Library of Congress Classification | Non-fiction | Antipolo College Library | Antipolo College Library | On Display | 03/14/2018 | Purchased | GE 170 .T34 2011 | URSANT-03667 | 03/14/2018 | 03/14/2018 | Foreign Books |